| 000 | 01097nam a22002655i 4500 | ||
|---|---|---|---|
| 999 |
_c13895 _d13895 |
||
| 003 | EG-ScBUE | ||
| 005 | 20200114104736.0 | ||
| 008 | 100415s1972 ua f b 0 0 eng ara d | ||
| 040 |
_aEG-ScBUE _bara _erda _cEG-ScBUE _dEG-ScBUE |
||
| 082 | 0 | 4 |
_a809.915 _bج ن د _222 |
| 100 | 1 |
_913569 _aجندي، درويش، _eمؤلف. |
|
| 245 | 1 | 2 |
_aالرمزية في الأدب العربي / _cتأليف الدكتور درويش الجندي، أستاذ الأدب العربي بكلية دار العلوم، جامعة القاهرة. |
| 264 | 1 |
_aالقاهرة : _bدار نهضة مصر للطبع والنشر، _c[1972] |
|
| 300 |
_a582 صفحة ؛ _c24 سم |
||
| 336 |
_2rdacontent _aنص _btxt |
||
| 337 |
_2rdamedia _aبدون وسيط _bn |
||
| 338 |
_2rdacarrier _aمجلد _bnc |
||
| 504 | _aيشتمل علي إرجاعات ببليوجرافية. | ||
| 590 | _areham | ||
| 650 | 7 |
_aالأدب العربي _xتاريخ ونقد. _2BUEsh _98728 |
|
| 650 | 7 |
_aالرمزية في الأدب. _2BUEsh _913571 |
|
| 653 |
_bGGEN _cJanuary2020 |
||
| 655 | _vReading book | ||
| 942 |
_2ddc _cBB |
||